Doing Quantitative Psychological Research / From Design to Report (Record no. 216)
[ view plain ]
| 000 -LEADER | |
|---|---|
| fixed length control field | 01282cam a22001934a 4500 |
| 005 - ΗΜΕΡΟΜΗΝΙΑ ΚΑΙ ΩΡΑ ΤΕΛΕΥΤΑΙΑΣ ΕΝΗΜΕΡΩΣΗΣ | |
| Πεδίο ελέγχου | 20250605163928.0 |
| 008 - FIXED-LENGTH DATA ELEMENTS--GENERAL INFORMATION | |
| Πεδίο ελέγχου σταθερού μήκους | 250528s ||||||||||||||||||||||||d |
| 035 ## - SYSTEM CONTROL NUMBER | |
| System control number | 14592 |
| 020 ## - ISBN | |
| ISBN | 863777899 |
| 040 ## - ΠΗΓΗ ΚΑΤΑΛΟΓΟΓΡΑΦΗΣΗΣ | |
| Φορέας πρωτότυπης καταλογογράφησης | MC Athens Campus Library |
| Γλώσσα καταλογογράφησης | Ελληνικά, Μοντέρνα (1453-) |
| Modifying agency | MC Athens Campus Library |
| Κανόνες περιγραφικής καταλογογράφησης | AACR2 |
| 245 1# - ΤΙΤΛΟΣ ΚΑΙ ΔΗΛΩΣΗ ΥΠΕΥΘΥΝΟΤΗΤΑΣ | |
| Τίτλος | Doing Quantitative Psychological Research / From Design to Report |
| 260 ## - PUBLICATION, DISTRIBUTION, ETC. | |
| Name of publisher, distributor, etc. | Psychology Press, Ltd, |
| Date of publication, distribution, etc. | 1997 |
| 300 ## - PHYSICAL DESCRIPTION | |
| Extent | 666 |
| 520 ## - SUMMARY, ETC. | |
| Summary, etc. | Preface, Introduction, The Methods Used in Psychological Research, The Preliminary Stages of Research, Variables and the Validity of Research Designs, Research Designs and their Internal Validity, Asking Questions I: Interviews and Surveys, Asking Questions II: Measuring Attitudes and Meaning, Observation and Content Analysis, Scales of Measurement, Summarising and Describing Data, Going Beyond Description, Samples and Populations, Analysis of Differences between a Single Sample and a Population, Effect Size and Power, Parametric and Non-Parametric tests, Subsequent Analysis after ANOVA or χ2, Analysis of Relationships I: Correlation, Analysis of Relationships I: Correlation, Analysis of Relationships II: Regression, Multivariate Analyses, Meta-Analysis, Repoting Research. |
| 700 1# - ΠΡΟΣΘΕΤΗ ΑΝΑΓΡΑΦΗ--ΦΥΣΙΚΟ ΠΡΟΣΩΠΟ | |
| Personal name | Clark-Carter David |
| 9 (RLIN) | 315 |
| 942 ## - ADDED ENTRY ELEMENTS (KOHA) | |
| Koha item type | Books |
| Τύπος τεκμηρίου | Βιβλιοθήκη | Τρέχουσα τοποθεσία | Barcode | Αριθμός εισαγωγής | Ημερομηνία απόκτησης | Ταξιθετικό σύμβολο | Αριθμός αντιτύπου | Κατάσταση απόσυρσης | Κατάσταση χαμένου | Κατάσταση κατεστραμμένου | Μη δανεισμός | Σύνολο δανεισμών | Ημερομηνία τελευταίας εμφάνισης | Η τιμή ισχύει από |
|---|---|---|---|---|---|---|---|---|---|---|---|---|---|---|
| Books | MC Athens Campus Library | MC Athens Campus Library | 9780000002150 | 253 | 05/06/2025 | 150.72 CLA | 1 | 05/06/2025 | 05/06/2025 |